Co není dovoleno na internetu?
Právne predpisy, ktoré upravujú oblasť internetu. Product placement na internete. Obchodná informácia verzus spam. Autorské diela na internete. Reklama na internete. Otázka osobných údajov na internete. Doménové mená.
Salvato in:
| Autore principale: | |
|---|---|
| Natura: | Capitolo di libro |
| Lingua: | ceco |
| Soggetti: | |
| Tags: |
Nessun Tag, puoi essere il primo ad aggiungerne!!
|
MARC
| LEADER | 00000naa$a2200000$$$4500 | ||
|---|---|---|---|
| 001 | 0115570 | ||
| 005 | 20231019094227.8 | ||
| 041 | 0 | |a cze | |
| 044 | |a CZ | ||
| 245 | 1 | 0 | |a Co není dovoleno na internetu? |c Marie Šebelová |
| 520 | |a Právne predpisy, ktoré upravujú oblasť internetu. Product placement na internete. Obchodná informácia verzus spam. Autorské diela na internete. Reklama na internete. Otázka osobných údajov na internete. Doménové mená. | ||
| 610 | 2 | 0 | |a internet |
| 610 | 2 | 0 | |a predpisy právne |
| 610 | 2 | 0 | |a legislatíva |
| 610 | 2 | 0 | |a reklama |
| 610 | 2 | 0 | |a diela autorské |
| 610 | 2 | 0 | |a známky ochranné |
| 610 | 2 | 0 | |a Česko |
| 100 | 1 | |a Šebelová, Marie | |